000 00307nam a22000977a 4500
008 221212b ||||| |||| 00| 0 eng d
100 _aGreen, Brian M.
245 _aThe Confederate States Ten-Cent Blue Lithograph
260 _aNew York
_bThe Philatelic Foundation
650 _aConfederate States | Blue Lithograph
999 _c3460
_d3460